| 000 | 00457cam a22001337a 4500 | ||
|---|---|---|---|
| 008 | 180718b2004 xxu||||| |||| 00| 0 eng d | ||
| 082 | _aA81x54 01/23TH | ||
| 100 | _aCensus of India 2001 | ||
| 245 | _aChhattisgarh: tables on houses, household amenities and assets | ||
| 260 |
_aDelhi _bThe Controller of Publications _c2004 |
||
| 300 | _a750p. | ||
| 440 | _aCensus of India 2001. Series-23, Chhattisgarh | ||
| 650 | _aHousehold surveys - India - Chhattisgarh | ||
| 999 |
_c489935 _d489935 |
||